[Event "National Capital op"]
[Site "Ottawa CAN"]
[Date "2009.12.04"]
[Round "1"]
[White "Masse, Hugues"]
[Black "Sambuev, Bator"]
[Result "1/2-1/2"]
[WhiteElo "2250"]
[BlackElo "2632"]
[PlyCount "134"]
[GameId "2160767910030041"]
[EventDate "2009.12.04"]
[EventType "swiss"]
[EventRounds "5"]
[EventCountry "CAN"]
[SourceTitle "EXT 2011"]
[Source "ChessBase"]
[SourceDate "2011.11.26"]
[SourceVersion "1"]
[SourceVersionDate "2011.11.26"]
[SourceQuality "1"]

1. d4 Nf6 2. c4 g6 3. Nc3 Bg7 4. e4 O-O 5. Nf3 d6 6. Be2 e5 7. Be3 Ng4 8. Bg5 f6 9. Bh4 g5 10. Bg3 Nh6 11. dxe5 dxe5 12. Qxd8 Rxd8 13. h4 g4 14. Nd2 Na6 15. O-O-O Be6 16. f4 gxf3 17. gxf3 c6 18. Nb3 Nf7 19. Na5 Rxd1+ 20. Rxd1 Nd8 21. Kb1 b6 22. Nb3 Bh6 23. Nc1 Nf7 24. b3 Kf8 25. Nd3 Rd8 26. f4 exf4 27. Nxf4 Rxd1+ 28. Nxd1 Bd7 29. Nd3 f5 30. Bf3 Ke7 31. N1f2 Be3 32. exf5 Bxf5 33. Kb2 Bd4+ 34. Kc1 Kd7 35. Kd2 Nc5 36. Nxc5+ Bxc5 37. Ne4 Bd4 38. Bg2 a6 39. Bf4 Bg6 40. Bh3+ Ke7 41. Bg2 Ne5 42. Ng5 Nd3 43. Bh2 Be5 44. Bg1 Bf4+ 45. Be3 Bxe3+ 46. Kxe3 Nb4 47. a3 Nc2+ 48. Kd2 c5 49. Be4 Nd4 50. Bxg6 hxg6 51. b4 Kd6 52. bxc5+ Kxc5 53. Kd3 Nf5 54. Nf3 Kd6 55. Ke4 a5 56. Kd3 Ng3 57. Kd4 Ne2+ 58. Kd3 Nf4+ 59. Ke4 Ng2 60. Kd4 Ke6 61. Ke4 Kf6 62. c5 bxc5 63. Kd5 Kf5 64. Kxc5 Kf4 65. Nd4 Nxh4 66. Kb5 Ke4 67. Ne6 Nf3 1/2-1/2

[Event "National Capital op"]
[Site "Ottawa CAN"]
[Date "2009.12.04"]
[Round "1"]
[White "Qin, Zi Yi (Joey)"]
[Black "Gerzhoy, Leonid"]
[Result "1/2-1/2"]
[WhiteElo "2215"]
[BlackElo "2577"]
[PlyCount "112"]
[GameId "2160767910030042"]
[EventDate "2009.12.04"]
[EventType "swiss"]
[EventRounds "5"]
[EventCountry "CAN"]

1. e4 c5 2. Nf3 d6 3. d4 cxd4 4. Nxd4 Nf6 5. Nc3 g6 6. Be3 Bg7 7. f3 Nc6 8. Qd2 O-O 9. Bc4 Bd7 10. O-O-O Rb8 11. Bb3 Na5 12. Bh6 Bxh6 13. Qxh6 b5 14. h4 e5 15. Nde2 b4 16. Nd5 Nxb3+ 17. axb3 Nxd5 18. Rxd5 Be6 19. h5 Qc7 20. hxg6 fxg6 21. Rd3 Rfc8 22. Qd2 Rb6 23. Kb1 a5 24. f4 Rc6 25. f5 Rxc2 26. Qd1 gxf5 27. Rg3+ Kf8 28. Rgh3 Bg8 29. exf5 Rc6 30. f6 Qf7 31. Qd2 a4 32. Rg3 axb3 33. Qh6+ Ke8 34. Rg7 Ra6 35. Rxf7 Bxf7 36. Qxh7 Rca8 37. Kc1 Ra1+ 38. Kd2 Rxh1 39. Qxh1 Rc8 40. Qh8+ Kd7 41. Qh3+ Kd8 42. Qd3 Rc2+ 43. Ke1 Kd7 44. Qb5+ Ke6 45. Qxb4 Rxb2 46. g4 Rb1+ 47. Kf2 Bg6 48. g5 b2 49. Qb3+ d5 50. Qb6+ Kf5 51. f7 Bxf7 52. Qf6+ Kg4 53. g6 Rf1+ 54. Kxf1 b1=Q+ 55. Kf2 Bxg6 56. Qxe5 Qf5+ 1/2-1/2

[Event "National Capital op"]
[Site "Ottawa CAN"]
[Date "2009.12.05"]
[Round "2"]
[White "Pacey, Kevin"]
[Black "Palsson, Halldor"]
[Result "1/2-1/2"]
[WhiteElo "2345"]
[BlackElo "2106"]
[PlyCount "69"]
[GameId "2160767910030044"]
[EventDate "2009.12.04"]
[EventType "swiss"]
[EventRounds "5"]
[EventCountry "CAN"]

1. e4 e6 2. c4 d5 3. exd5 exd5 4. cxd5 Qxd5 5. Nc3 Qd8 6. d4 Nf6 7. Bc4 Be7 8. Nf3 O-O 9. h3 Nbd7 10. O-O Nb6 11. Bb3 c6 12. Re1 Bf5 13. Ne5 Nbd5 14. Qf3 Be6 15. Bg5 Nc7 16. Bc2 Qxd4 17. Rad1 Qb4 18. Bxf6 Bxf6 19. Nd7 Bxd7 20. Rxd7 Ne8 21. Bb3 a5 22. Re4 Qb6 23. Na4 Qb5 24. Bc4 Qxa4 25. Bxf7+ Rxf7 26. Rxa4 Rxd7 27. Qb3+ Kh8 28. Qb6 h6 29. Rxa5 Bd8 30. Qc5 Bxa5 31. Qf8+ Kh7 32. Qf5+ Kh8 33. Qf8+ Kh7 34. Qf5+ Kh8 35. Qf8+ 1/2-1/2

[Event "National Capital op"]
[Site "Ottawa CAN"]
[Date "2009.12.05"]
[Round "2"]
[White "Sadeghi, Saeid"]
[Black "Masse, Hugues"]
[Result "0-1"]
[WhiteElo "2141"]
[BlackElo "2250"]
[PlyCount "82"]
[GameId "2160767910030045"]
[EventDate "2009.12.04"]
[EventType "swiss"]
[EventRounds "5"]
[EventCountry "CAN"]
[SourceTitle "EXT 2011"]
[Source "ChessBase"]
[SourceDate "2011.11.26"]
[SourceVersion "1"]
[SourceVersionDate "2011.11.26"]
[SourceQuality "1"]

1. d4 Nf6 2. c4 g6 3. Nc3 Bg7 4. e4 d6 5. Nf3 O-O 6. Be2 e5 7. O-O Nc6 8. d5 Ne7 9. Nd2 a5 10. a3 Bd7 11. Rb1 a4 12. b4 axb3 13. Nxb3 b6 14. Ra1 Ba4 15. Nxa4 Rxa4 16. Qc2 Nd7 17. Ra2 Qa8 18. Bd1 Ra7 19. Be2 f5 20. f3 fxe4 21. fxe4 Rxf1+ 22. Bxf1 Kh8 23. Qf2 Ng8 24. Qf7 Ngf6 25. Re2 Qg8 26. Qxg8+ Kxg8 27. g3 Ra4 28. Re1 h5 29. Bd3 Kh7 30. h3 Bh6 31. Bxh6 Rxa3 32. Bg5 Rxb3 33. Rd1 Nxe4 34. Bd8 Nxg3 35. Bxc7 e4 36. Bxd6 Rxd3 37. Ra1 Rf3 38. Ra7 Ne2+ 39. Kg2 Rf7 40. c5 bxc5 41. Bxc5 Nf4+ 0-1

[Event "National Capital op"]
[Site "Ottawa CAN"]
[Date "2009.12.05"]
[Round "2"]
[White "Upper, John"]
[Black "Bertrand, Daryl"]
[Result "1/2-1/2"]
[WhiteElo "2228"]
[BlackElo "2084"]
[PlyCount "107"]
[GameId "2160767910030046"]
[EventDate "2009.12.04"]
[EventType "swiss"]
[EventRounds "5"]
[EventCountry "CAN"]
[SourceTitle "EXT 2011"]
[Source "ChessBase"]
[SourceDate "2011.11.26"]
[SourceVersion "1"]
[SourceVersionDate "2011.11.26"]
[SourceQuality "1"]

1. Nf3 Nf6 2. c4 e6 3. g3 d5 4. Bg2 c6 5. O-O Bd6 6. b3 O-O 7. Bb2 Nbd7 8. d3 Re8 9. Na3 Qe7 10. Nc2 e5 11. Ne3 Nf8 12. Nh4 Be6 13. Nhf5 Qd7 14. Nxd6 Qxd6 15. Rc1 Ng6 16. cxd5 cxd5 17. Qd2 Rac8 18. Rxc8 Rxc8 19. Rc1 Rxc1+ 20. Qxc1 Qc6 21. Qxc6 bxc6 22. Ba3 Nd7 23. Kf1 f6 24. Ke1 Kf7 25. Kd2 h5 26. Nc2 f5 27. Nb4 Nb8 28. Nc2 Nd7 29. Bd6 c5 30. Ne3 e4 31. f4 Ne7 32. Kc2 Nc6 33. Kd2 Nd4 34. b4 cxb4 35. Bxb4 Nc6 36. Ba3 Nb6 37. Bb2 g6 38. Nc2 Ke7 39. Bf1 Bc8 40. Ba3+ Ke6 41. Bc5 Nd7 42. Nd4+ Nxd4 43. Bxd4 a5 44. Kc3 Ba6 45. Kb3 Bb5 46. Kc3 Kd6 47. e3 Nf8 48. Bb6 a4 49. Ba5 Ne6 50. Be2 Kc6 51. Bb4 Nd8 52. a3 Ne6 53. Be7 Kd7 54. Bb4 1/2-1/2

[Event "National Capital op"]
[Site "Ottawa CAN"]
[Date "2009.12.05"]
[Round "3"]
[White "Bertrand, Daryl"]
[Black "Pacey, Kevin"]
[Result "0-1"]
[WhiteElo "2084"]
[BlackElo "2345"]
[PlyCount "84"]
[GameId "2160767910030048"]
[EventDate "2009.12.04"]
[EventType "swiss"]
[EventRounds "5"]
[EventCountry "CAN"]

1. e4 b6 2. d4 Bb7 3. Nc3 e6 4. Nf3 Bb4 5. Bd3 c5 6. dxc5 bxc5 7. O-O Ne7 8. e5 Bxc3 9. bxc3 Qc7 10. Re1 Bxf3 11. Qxf3 Nbc6 12. Qe3 c4 13. Bxc4 Nxe5 14. Bxe6 fxe6 15. Qxe5 Qxe5 16. Rxe5 Rc8 17. Bd2 Nd5 18. Rb1 Nb6 19. Be1 Nc4 20. Rg5 Rg8 21. Rb7 a6 22. Kf1 g6 23. Ra7 Rc6 24. Ke2 Rf8 25. Ra8+ Ke7 26. Rxf8 Kxf8 27. Kd3 d5 28. f3 Rb6 29. Bf2 Rb1 30. Be3 Re1 31. Bf4 Rd1+ 32. Ke2 Ra1 33. Rg4 Rxa2 34. Bh6+ Ke8 35. Kd1 a5 36. Rf4 Ne3+ 37. Kd2 Nxc2 38. Rf8+ Ke7 39. Ra8 Nb4+ 40. Ke3 Nc6 41. Bf8+ Kd7 42. Bb4 Rxg2 0-1

[Event "National Capital op"]
[Site "Ottawa CAN"]
[Date "2009.12.05"]
[Round "3"]
[White "Doubleday, William"]
[Black "Voloaca, Mihnea"]
[Result "1/2-1/2"]
[WhiteElo "2202"]
[BlackElo "2296"]
[PlyCount "67"]
[GameId "2160767910030049"]
[EventDate "2009.12.04"]
[EventType "swiss"]
[EventRounds "5"]
[EventCountry "CAN"]
[SourceTitle "EXT 2011"]
[Source "ChessBase"]
[SourceDate "2011.11.26"]
[SourceVersion "1"]
[SourceVersionDate "2011.11.26"]
[SourceQuality "1"]

1. d4 Nf6 2. c4 e6 3. Nc3 c5 4. d5 exd5 5. cxd5 d6 6. e4 g6 7. Nf3 Bg7 8. Be2 O-O 9. O-O Bg4 10. Nd2 Bxe2 11. Qxe2 Re8 12. f3 a6 13. a4 Nbd7 14. a5 Nh5 15. Nc4 Qe7 16. g4 Bd4+ 17. Kh1 Ng7 18. Bf4 Ne5 19. Nxe5 dxe5 20. Be3 Red8 21. Na4 Rac8 22. Nb6 Rb8 23. Rfc1 Ne8 24. Rc2 Nd6 25. Bxd4 cxd4 26. Rac1 Nb5 27. Qd2 Kg7 28. Rc4 Qh4 29. R4c2 h5 30. Rg1 hxg4 31. Rxg4 Qh3 32. Qg2 Qh6 33. Qd2 Qh3 34. Qg2 1/2-1/2

[Event "National Capital op"]
[Site "Ottawa CAN"]
[Date "2009.12.05"]
[Round "3"]
[White "Sambuev, Bator"]
[Black "Xiong, Jerry"]
[Result "1-0"]
[WhiteElo "2632"]
[BlackElo "2286"]
[PlyCount "73"]
[GameId "2160767910030050"]
[EventDate "2009.12.04"]
[EventType "swiss"]
[EventRounds "5"]
[EventCountry "CAN"]
[SourceTitle "EXT 2011"]
[Source "ChessBase"]
[SourceDate "2011.11.26"]
[SourceVersion "1"]
[SourceVersionDate "2011.11.26"]
[SourceQuality "1"]

1. e4 c5 2. Nf3 d6 3. d4 cxd4 4. Nxd4 Nf6 5. Nc3 g6 6. Be3 Bg7 7. f3 O-O 8. Qd2 Nc6 9. Bc4 Bd7 10. O-O-O Rc8 11. Bb3 Ne5 12. Kb1 a5 13. a4 Nc4 14. Bxc4 Rxc4 15. b3 Rc8 16. Ndb5 h5 17. Bd4 Bxb5 18. Nxb5 e6 19. Qe3 Rc6 20. h4 Re8 21. Bb2 Qb8 22. g4 hxg4 23. h5 e5 24. fxg4 Rd8 25. h6 Bh8 26. h7+ Kf8 27. Ba3 Ke8 28. Qf3 Ra6 29. Rdf1 d5 30. exd5 e4 31. Qc3 Rc8 32. Qd4 g5 33. d6 Kd7 34. Rxf6 Rf8 35. Qxe4 Bxf6 36. Qf5+ Kc6 37. Qxf6 1-0

[Event "National Capital op"]
[Site "Ottawa CAN"]
[Date "2009.12.05"]
[Round "3"]
[White "Sapozhnikov, Roman"]
[Black "Masse, Hugues"]
[Result "1/2-1/2"]
[WhiteElo "2412"]
[BlackElo "2250"]
[PlyCount "75"]
[GameId "2160767910030052"]
[EventDate "2009.12.04"]
[EventType "swiss"]
[EventRounds "5"]
[EventCountry "CAN"]
[SourceTitle "EXT 2011"]
[Source "ChessBase"]
[SourceDate "2011.11.26"]
[SourceVersion "1"]
[SourceVersionDate "2011.11.26"]
[SourceQuality "1"]

1. e4 e6 2. d4 d5 3. Nd2 Be7 4. Bd3 c5 5. dxc5 Nf6 6. Qe2 O-O 7. Ngf3 a5 8. a4 Na6 9. e5 Nd7 10. c3 Naxc5 11. Bc2 b6 12. h4 f5 13. Nd4 Ba6 14. Nb5 Ne4 15. Nf3 Re8 16. Be3 Rc8 17. g3 Bxb5 18. axb5 Qc7 19. O-O Bf8 20. Bf4 g6 21. Nd4 Bg7 22. Nc6 Nb8 23. Nxb8 Qxb8 24. f3 Nc5 25. Rae1 Qc7 26. Kg2 Nd7 27. Bd3 Nc5 28. Bb1 Rcd8 29. Rd1 Nd7 30. Rfe1 Rc8 31. Rd4 Nc5 32. Bc2 Nd7 33. Bb3 Nc5 34. Bc2 Nd7 35. Qe3 Re7 36. Bb3 Nc5 37. Bc2 Nd7 38. Qe2 1/2-1/2

[Event "National Capital op"]
[Site "Ottawa CAN"]
[Date "2009.12.05"]
[Round "3"]
[White "Upper, John"]
[Black "Collins, Chris"]
[Result "1-0"]
[WhiteElo "2228"]
[BlackElo "2114"]
[PlyCount "93"]
[GameId "2160767910030053"]
[EventDate "2009.12.04"]
[EventType "swiss"]
[EventRounds "5"]
[EventCountry "CAN"]
[SourceTitle "EXT 2011"]
[Source "ChessBase"]
[SourceDate "2011.11.26"]
[SourceVersion "1"]
[SourceVersionDate "2011.11.26"]
[SourceQuality "1"]

1. Nf3 Nf6 2. d4 g6 3. Bf4 Bg7 4. e3 c5 5. c3 Qb6 6. Na3 d6 7. Nc4 Qc7 8. Be2 O-O 9. h3 cxd4 10. cxd4 b5 11. Ncd2 Qb6 12. O-O Bb7 13. Qb3 a6 14. a4 Bd5 15. Bc4 Bxf3 16. Nxf3 b4 17. a5 Qb7 18. Rfe1 Nbd7 19. e4 e5 20. Be3 Rab8 21. Ng5 exd4 22. Bxd4 Ne5 23. Bb6 h6 24. Nf3 Nxf3+ 25. Qxf3 Nd7 26. Bd5 Ne5 27. Qb3 Qd7 28. Re3 Qb5 29. Ra4 Nc6 30. Bc4 Qg5 31. Bxa6 Nd4 32. Qd1 Ne6 33. Rxb4 Be5 34. Bc4 Nc5 35. Qg4 Qf6 36. Rf3 Qg7 37. Bxc5 dxc5 38. Rxb8 Bxb8 39. b3 Qa1+ 40. Bf1 Qxa5 41. Qd7 Kg7 42. g3 Qc7 43. Qd5 Qe5 44. Bc4 Qxd5 45. Bxd5 f5 46. Rc3 Bd6 47. Kg2 1-0

[Event "National Capital op"]
[Site "Ottawa CAN"]
[Date "2009.12.06"]
[Round "4"]
[White "Masse, Hugues"]
[Black "Voloaca, Mihnea"]
[Result "1/2-1/2"]
[WhiteElo "2250"]
[BlackElo "2296"]
[PlyCount "158"]
[GameId "2160767910030055"]
[EventDate "2009.12.04"]
[EventType "swiss"]
[EventRounds "5"]
[EventCountry "CAN"]
[SourceTitle "EXT 2011"]
[Source "ChessBase"]
[SourceDate "2011.11.26"]
[SourceVersion "1"]
[SourceVersionDate "2011.11.26"]
[SourceQuality "1"]

1. d4 d5 2. c4 e6 3. Nc3 Nf6 4. Nf3 Be7 5. Bf4 O-O 6. e3 c5 7. dxc5 Bxc5 8. cxd5 exd5 9. Be2 Nc6 10. O-O a6 11. Ne5 Ba7 12. Rc1 Re8 13. Nxc6 bxc6 14. Bf3 Qe7 15. Qc2 Bb7 16. Na4 Nd7 17. Bg4 Ne5 18. Bh3 Nc4 19. Bf5 h6 20. Bd3 Ne5 21. Be2 Ng6 22. Bg3 d4 23. Bc4 Qf6 24. exd4 Bxd4 25. Nc3 c5 26. Bd5 Bxd5 27. Nxd5 Qc6 28. Nf4 Nxf4 29. Bxf4 Re4 30. Be3 Rxe3 31. fxe3 Bxe3+ 32. Kh1 Bxc1 33. Rxc1 Rd8 34. h3 Rd4 35. b3 g6 36. Qc3 Qd6 37. Re1 h5 38. Qe3 Kg7 39. Qe5+ Qxe5 40. Rxe5 Rd2 41. Rxc5 Rxa2 42. b4 h4 43. Rc4 g5 44. Rc5 Kg6 45. b5 axb5 46. Rxb5 Ra1+ 47. Kh2 Re1 48. Rb2 f5 49. Ra2 Kh5 50. Rf2 Kg6 51. Ra2 Kf6 52. Ra6+ Ke5 53. Ra5+ Kf4 54. Ra4+ Re4 55. Ra2 g4 56. hxg4 fxg4 57. Rf2+ Ke3 58. Ra2 Rb4 59. Ra3+ Ke2 60. Ra8 Re4 61. Ra7 Kf1 62. Rf7+ Ke1 63. Ra7 Re2 64. Rg7 Re4 65. Ra7 Ke2 66. Ra8 Ke3 67. Ra3+ Kf4 68. Ra2 Rb4 69. Rf2+ Kg5 70. Ra2 Rb1 71. Ra5+ Kf6 72. Ra6+ Ke5 73. Ra5+ Kd6 74. Ra6+ Kc5 75. Ra5+ Kb6 76. Rh5 g3+ 77. Kh3 Rh1+ 78. Kg4 Rh2 79. Rxh4 Rxg2 1/2-1/2

[Event "National Capital op"]
[Site "Ottawa CAN"]
[Date "2009.12.06"]
[Round "4"]
[White "Pacey, Kevin"]
[Black "Sapozhnikov, Roman"]
[Result "1-0"]
[WhiteElo "2345"]
[BlackElo "2412"]
[PlyCount "61"]
[GameId "2160767910030056"]
[EventDate "2009.12.04"]
[EventType "swiss"]
[EventRounds "5"]
[EventCountry "CAN"]

1. e4 c5 2. c3 d5 3. exd5 Qxd5 4. d4 Nf6 5. Nf3 e6 6. Be2 Nc6 7. O-O Be7 8. Be3 cxd4 9. cxd4 O-O 10. Nc3 Qd6 11. Nb5 Qd8 12. Ne5 Nb4 13. Rc1 Nxa2 14. Ra1 Nb4 15. Nxa7 Bd7 16. Qb3 Qb6 17. d5 Bc5 18. Bxc5 Qxc5 19. Nxd7 Nxd7 20. dxe6 fxe6 21. Qxe6+ Rf7 22. Bc4 Raf8 23. Qe2 Nd5 24. b4 Qd6 25. Nb5 Qc6 26. Nd4 Qd6 27. Qe6 Qxb4 28. Bxd5 Qxd4 29. Qxd7 Kh8 30. Qxf7 Rxf7 31. Ra8+ 1-0

[Event "National Capital op"]
[Site "Ottawa CAN"]
[Date "2009.12.06"]
[Round "4"]
[White "Palsson, Halldor"]
[Black "Upper, John"]
[Result "1/2-1/2"]
[WhiteElo "2106"]
[BlackElo "2228"]
[PlyCount "42"]
[GameId "2160767910030057"]
[EventDate "2009.12.04"]
[EventType "swiss"]
[EventRounds "5"]
[EventCountry "CAN"]
[SourceTitle "EXT 2011"]
[Source "ChessBase"]
[SourceDate "2011.11.26"]
[SourceVersion "1"]
[SourceVersionDate "2011.11.26"]
[SourceQuality "1"]

1. d4 d5 2. c4 c6 3. Nf3 Nf6 4. Nc3 dxc4 5. a4 Bf5 6. e3 e6 7. Bxc4 Bb4 8. O-O Nbd7 9. Nh4 Bg4 10. f3 Bh5 11. g4 Bg6 12. Nxg6 hxg6 13. Qb3 Qa5 14. e4 O-O-O 15. Bf4 e5 16. dxe5 Nxe5 17. Bxf7 Nfd7 18. Be6 Rdf8 19. Nd5 cxd5 20. Bxe5 Qb6+ 21. Kg2 Qxe6 1/2-1/2

[Event "National Capital op"]
[Site "Ottawa CAN"]
[Date "2009.12.06"]
[Round "5"]
[White "Doubleday, William"]
[Black "Pacey, Kevin"]
[Result "1/2-1/2"]
[WhiteElo "2202"]
[BlackElo "2345"]
[PlyCount "59"]
[GameId "2160767910030058"]
[EventDate "2009.12.04"]
[EventType "swiss"]
[EventRounds "5"]
[EventCountry "CAN"]
[SourceTitle "EXT 2011"]
[Source "ChessBase"]
[SourceDate "2011.11.26"]
[SourceVersion "1"]
[SourceVersionDate "2011.11.26"]
[SourceQuality "1"]

1. d4 Nf6 2. c4 e6 3. Nc3 Bb4 4. e3 b6 5. Nge2 Ne4 6. Qc2 Bb7 7. a3 Bxc3+ 8. Nxc3 Nxc3 9. Qxc3 O-O 10. b4 Qe7 11. Bb2 f5 12. c5 Nc6 13. Be2 Nd8 14. O-O Qg5 15. f3 Rc8 16. Rac1 Rf6 17. Rf2 Rg6 18. Rc2 Nc6 19. Bc1 Ne7 20. e4 Qh4 21. g3 f4 22. g4 h5 23. Bxf4 hxg4 24. fxg4 Bxe4 25. Rc1 bxc5 26. dxc5 Nd5 27. Qg3 Qh7 28. Bd2 Rf6 29. Rcf1 Rcf8 30. Bg5 1/2-1/2

[Event "National Capital op"]
[Site "Ottawa CAN"]
[Date "2009.12.06"]
[Round "5"]
[White "Gerzhoy, Leonid"]
[Black "Dunn, David"]
[Result "1-0"]
[WhiteElo "2577"]
[BlackElo "2156"]
[PlyCount "79"]
[GameId "2160767910030059"]
[EventDate "2009.12.04"]
[EventType "swiss"]
[EventRounds "5"]
[EventCountry "CAN"]
[SourceTitle "EXT 2011"]
[Source "ChessBase"]
[SourceDate "2011.11.26"]
[SourceVersion "1"]
[SourceVersionDate "2011.11.26"]
[SourceQuality "1"]

1. Nf3 d5 2. d4 Nf6 3. c4 c6 4. Nc3 Bf5 5. cxd5 cxd5 6. Qb3 Qb6 7. Nxd5 Nxd5 8. Qxd5 e6 9. Qb3 Nc6 10. Bd2 Bb4 11. e3 a5 12. Be2 Be4 13. O-O a4 14. Qd1 a3 15. b3 Qa5 16. Bxb4 Nxb4 17. Qd2 O-O 18. Rac1 Rfc8 19. Ne5 b5 20. Bf3 Bxf3 21. gxf3 Nc6 22. Qxa5 Nxa5 23. Nd7 f6 24. Nb6 Rxc1 25. Rxc1 Rb8 26. Nd7 Rd8 27. Rc7 Nxb3 28. axb3 a2 29. Ra7 Rxd7 30. Rxa2 Rd5 31. Rc2 Rg5+ 32. Kh1 Kf7 33. f4 Rd5 34. Rc7+ Kf8 35. Kg2 g5 36. fxg5 Rxg5+ 37. Kh1 Rf5 38. f4 Rh5 39. Kg2 Ke8 40. Rc5 1-0

[Event "National Capital op"]
[Site "Ottawa CAN"]
[Date "2009.12.06"]
[Round "5"]
[White "Sapozhnikov, Roman"]
[Black "Upper, John"]
[Result "1/2-1/2"]
[WhiteElo "2412"]
[BlackElo "2228"]
[PlyCount "154"]
[GameId "2160767910030061"]
[EventDate "2009.12.04"]
[EventType "swiss"]
[EventRounds "5"]
[EventCountry "CAN"]
[SourceTitle "EXT 2011"]
[Source "ChessBase"]
[SourceDate "2011.11.26"]
[SourceVersion "1"]
[SourceVersionDate "2011.11.26"]
[SourceQuality "1"]

1. e4 e6 2. d4 d5 3. Nd2 Nf6 4. Bd3 c5 5. e5 Nfd7 6. c3 Nc6 7. Ne2 cxd4 8. cxd4 f6 9. exf6 Nxf6 10. Nf3 Bd6 11. O-O Qc7 12. Bg5 O-O 13. Bh4 Nh5 14. Qc2 h6 15. Bg6 Rxf3 16. Bxh5 Rf8 17. Bg3 Bxg3 18. hxg3 Qb6 19. Qd2 Bd7 20. Rad1 Rac8 21. Nc3 Qb4 22. Rfe1 Rf6 23. Bg4 Rcf8 24. Re2 Bc8 25. b3 Rg6 26. Bh3 Rgf6 27. f4 g6 28. Re3 Kg7 29. Rf3 Rd8 30. Na4 Qxd2 31. Rxd2 Kf7 32. Kf2 Ke7 33. Ke3 Rdf8 34. Nb2 Bd7 35. Nd3 Rc8 36. Rff2 Rff8 37. Rc2 Kd6 38. g4 g5 39. g3 Rh8 40. Rh2 Rcf8 41. Bf1 Be8 42. Rc1 Bg6 43. Nc5 Nd8 44. Bd3 Bxd3 45. Nxd3 Nc6 46. Rch1 Rfg8 47. f5 exf5 48. Rxh6+ Rxh6 49. Rxh6+ Kc7 50. Rh7+ Kb6 51. gxf5 Re8+ 52. Kd2 Nxd4 53. f6 Re2+ 54. Kd1 Re3 55. Nb4 Rf3 56. Nxd5+ Kc5 57. Rd7 Kc6 58. Rd8 Ne6 59. Nb4+ Kb5 60. Rd6 Rxf6 61. Nd3 Rg6 62. a4+ Ka5 63. b4+ Kxa4 64. Rxe6 Rxe6 65. Nc5+ Kxb4 66. Nxe6 g4 67. Nd8 b5 68. Nc6+ Kc3 69. Ne5 b4 70. Nxg4 Kd3 71. Nh2 a5 72. g4 Ke4 73. Kc2 a4 74. g5 Kf5 75. Nf3 a3 76. Kb3 Kg6 77. Ka2 Kf5 1/2-1/2

[Event "National Capital op"]
[Site "Ottawa CAN"]
[Date "2009.12.06"]
[Round "5"]
[White "Voloaca, Mihnea"]
[Black "Palsson, Halldor"]
[Result "0-1"]
[WhiteElo "2296"]
[BlackElo "2106"]
[PlyCount "80"]
[GameId "2160767910030062"]
[EventDate "2009.12.04"]
[EventType "swiss"]
[EventRounds "5"]
[EventCountry "CAN"]
[SourceTitle "EXT 2011"]
[Source "ChessBase"]
[SourceDate "2011.11.26"]
[SourceVersion "1"]
[SourceVersionDate "2011.11.26"]
[SourceQuality "1"]

1. e4 e6 2. d4 d5 3. exd5 exd5 4. c4 Nf6 5. Nc3 Be7 6. Bd3 Nc6 7. cxd5 Nxd5 8. Nge2 Bf6 9. Bb5 O-O 10. O-O Bg4 11. f3 Be6 12. Ne4 Nce7 13. Nf4 Nf5 14. Nxe6 fxe6 15. Re1 Bxd4+ 16. Kh1 Bf6 17. Nc5 Nd4 18. Nxe6 Nxe6 19. Rxe6 c6 20. Bc4 Qd7 21. Re4 Rad8 22. Qc2 Kh8 23. Bd2 Nb6 24. Ba5 Rde8 25. Rd1 Qc8 26. Bd3 Rd8 27. g3 Rd5 28. Bxb6 axb6 29. Rde1 Qd8 30. Rd1 c5 31. Kg2 Bxb2 32. Rh4 h6 33. Qxb2 Rxd3 34. Rxh6+ Kg8 35. Rg6 Rf7 36. Rxd3 Qxd3 37. Rg4 Qxf3+ 38. Kh3 Qf1+ 39. Kh4 Qf6+ 40. Qxf6 Rxf6 0-1

[Event "National Capital op"]
[Site "Ottawa CAN"]
[Date "2009.12.06"]
[Round "5"]
[White "Xiong, Jerry"]
[Black "Masse, Hugues"]
[Result "1/2-1/2"]
[WhiteElo "2286"]
[BlackElo "2250"]
[PlyCount "76"]
[GameId "2160767910030063"]
[EventDate "2009.12.04"]
[EventType "swiss"]
[EventRounds "5"]
[EventCountry "CAN"]
[SourceTitle "EXT 2011"]
[Source "ChessBase"]
[SourceDate "2011.11.26"]
[SourceVersion "1"]
[SourceVersionDate "2011.11.26"]
[SourceQuality "1"]

1. e4 e6 2. d4 d5 3. Nc3 Nf6 4. Bg5 Bb4 5. e5 h6 6. Bxf6 gxf6 7. Nf3 c5 8. a3 Bxc3+ 9. bxc3 cxd4 10. cxd4 Qa5+ 11. Qd2 Qxd2+ 12. Kxd2 fxe5 13. Nxe5 f6 14. Ng6 Rg8 15. Nf4 Nc6 16. Bb5 Ke7 17. c3 Kd6 18. g3 Bd7 19. Bxc6 Bxc6 20. Nd3 Bb5 21. Rab1 Bxd3 22. Kxd3 Rg7 23. Rhe1 Rc8 24. f4 Rgc7 25. Rbc1 Rc4 26. Re3 Ra4 27. Rce1 Re8 28. Ra1 e5 29. fxe5+ fxe5 30. Kc2 e4 31. Kb3 Ra6 32. Rf1 Rc6 33. Rf7 Rc7 34. Rf5 Ree7 35. Rf6+ Re6 36. Rf5 b5 37. Re1 a5 38. Rf8 Kc6 1/2-1/2

[Event "National Capital op U1600"]
[Site "Ottawa CAN"]
[Date "2009.12.04"]
[Round "1"]
[White "Luo, Tony"]
[Black "Wan, Kevin"]
[Result "0-1"]
[WhiteElo "1202"]
[BlackElo "1547"]
[PlyCount "62"]
[GameId "2160767910030064"]
[EventDate "2009.12.04"]
[EventType "swiss"]
[EventRounds "5"]
[EventCountry "CAN"]
[SourceTitle "EXT 2011"]
[Source "ChessBase"]
[SourceDate "2011.11.26"]
[SourceVersion "1"]
[SourceVersionDate "2011.11.26"]
[SourceQuality "1"]

1. e4 e6 2. d4 d5 3. Nc3 Nf6 4. f3 Be7 5. Bg5 h6 6. Bh4 b6 7. Bd3 Bb7 8. Nge2 a6 9. O-O O-O 10. Qd2 c5 11. Rae1 c4 12. Bxf6 Bxf6 13. e5 Be7 14. f4 cxd3 15. Qxd3 Bb4 16. f5 Bxc3 17. Nxc3 Qd7 18. f6 g6 19. Qe3 Kh7 20. Rf3 h5 21. Rh3 Rh8 22. g4 Kg8 23. gxh5 Nc6 24. Kh1 Qc7 25. Rg1 Nxe5 26. dxe5 d4+ 27. Ne4 dxe3 28. Rxe3 Bxe4+ 29. Rxe4 Qc6 30. Rge1 Rxh5 31. c3 Rxe5 0-1

[Event "National Capital op U1600"]
[Site "Ottawa CAN"]
[Date "2009.12.04"]
[Round "1"]
[White "MacNevin, Dave"]
[Black "Xiong, Wei"]
[Result "0-1"]
[WhiteElo "1456"]
[BlackElo "1595"]
[PlyCount "110"]
[GameId "2160767910030065"]
[EventDate "2009.12.04"]
[EventType "swiss"]
[EventRounds "5"]
[EventCountry "CAN"]
[SourceTitle "EXT 2011"]
[Source "ChessBase"]
[SourceDate "2011.11.26"]
[SourceVersion "1"]
[SourceVersionDate "2011.11.26"]
[SourceQuality "1"]

1. d4 d5 2. Nf3 Nf6 3. e3 Bg4 4. Be2 e6 5. Ne5 Bf5 6. Nd2 Nbd7 7. f4 Nxe5 8. fxe5 Ne4 9. O-O h5 10. Nxe4 Bxe4 11. Bf3 Bf5 12. c3 g5 13. Be2 g4 14. Bd3 Bh7 15. Bxh7 Rxh7 16. Qd3 Rg7 17. Qb5+ c6 18. Qxb7 Rc8 19. Qxa7 f5 20. Qa6 h4 21. Qe2 h3 22. g3 Be7 23. Bd2 Bg5 24. b3 Qb6 25. c4 Rb7 26. Rac1 Ra8 27. Rc2 Rba7 28. Bc3 Qc7 29. cxd5 cxd5 30. Rfc1 Kf7 31. Bb4 Qd7 32. Bd6 Kg6 33. a4 Qd8 34. Rc7 Rxc7 35. Rxc7 Qe8 36. Kf2 Bd8 37. Rb7 Qc6 38. Rb8 Rxb8 39. Bxb8 Qb7 40. Qb5 Qc8 41. Bd6 Qc2+ 42. Qe2 Qxb3 43. Qd2 Qxa4 44. Bb4 Qa1 45. Qe1 Qb2+ 46. Qd2 Qb1 47. Qe1 Qe4 48. Ke2 Bg5 49. Bd2 Qf3+ 50. Kd3 Qg2 51. Qe2 Qe4+ 52. Kc3 Qb1 53. Qa6 Kf7 54. Qa7+ Be7 55. Qa6 Bb4# 0-1